Tres senyors : (Record no. 181661)

MARC details
000 -LEADER
campo de control de longitud fija 00891nam a2200265 i 4500
001 - NÚMERO DE CONTROL
campo de control 181661
003 - IDENTIFICADOR DE NÚMERO DE CONTROL
campo de control ES-MaACL
005 - FECHA Y HORA DE LA ÚLTIMA TRANSACCIÓN
campo de control 20250927155545.0
008 - DATOS DE LONGITUD FIJA--INFORMACIÓN GENERAL
campo de control de longitud fija 130306s1971 sp | |||||||| |dcat d
080 ## - NÚMERO DE LA CLASIFICACIÓN DECIMAL UNIVERSAL
Número de la Clasificación Decimal Universal 929 Puget, Rafel
080 ## - NÚMERO DE LA CLASIFICACIÓN DECIMAL UNIVERSAL
Número de la Clasificación Decimal Universal 929 Puget, Jacint
080 ## - NÚMERO DE LA CLASIFICACIÓN DECIMAL UNIVERSAL
Número de la Clasificación Decimal Universal 849.9-94"19"
080 ## - NÚMERO DE LA CLASIFICACIÓN DECIMAL UNIVERSAL
Número de la Clasificación Decimal Universal 929 Llimona, José
100 1# - ENTRADA PRINCIPAL--NOMBRE DE PERSONA
Nombre de persona Pla, Josep,
Fechas asociadas al nombre 1897-1981
9 (RLIN) 164614
245 10 - MENCIÓN DEL TÍTULO
Título Tres senyors :
Resto del título un senyor de Barcelona, un senyor de terra del foc, l'escultor Josep Llimona.
260 ## - PUBLICACIÓN, DISTRIBUCIÓN, ETC.
Lugar de publicación, distribución, etc. Barcelona :
Nombre del editor, distribuidor, etc. Destino,
Fecha de publicación, distribución, etc. [1971]
300 ## - DESCRIPCIÓN FÍSICA
Extensión 643 p. ;
Dimensiones 18 cm.
490 1# - MENCIÓN DE SERIE
Mención de serie Obra Completa de Josep Pla ;
Designación de volumen o secuencia 19
600 17 - PUNTO DE ACCESO ADICIONAL DE MATERIA--NOMBRE DE PERSONA
Nombre de persona Llimona, Josep,
Fechas asociadas al nombre 1864-1934
Fuente del encabezamiento o término
9 (RLIN) 152437
600 14 - PUNTO DE ACCESO ADICIONAL DE MATERIA--NOMBRE DE PERSONA
Nombre de persona Puget, Rafel (
Fechas asociadas al nombre 1873-1945)
9 (RLIN) 152438
600 17 - PUNTO DE ACCESO ADICIONAL DE MATERIA--NOMBRE DE PERSONA
Nombre de persona Puget, Jacint,
Fechas asociadas al nombre 1879-1969
Fuente del encabezamiento o término
9 (RLIN) 152439
830 0# - PUNTO DE ACCESO ADICIONAL DE SERIE-TÍTULO UNIFORME
Título uniforme Obra Completa de Josep Pla ;
Designación de volumen o secuencia 19
9 (RLIN) 191524
852 ## - LOCALIZACIÓN
Ubicación ES-MaACL
Número de control de estantería J-46(19)
Holdings
Estatus retirado Estado de pérdida Estado de daño No para préstamo Biblioteca de origen Biblioteca actual Ubicación en estantería Fecha de adquisición Fuente de adquisición Total de préstamos Signatura topográfica completa Código de barras Visto por última vez Precio de reemplazo Tipo de ítem Koha
        Biblioteca del Ateneo de Madrid Biblioteca del Ateneo de Madrid Depósito 2 06/03/2013     J-46(19) 1190909 23/02/2023 23/02/2023 Libro impreso